| 000 | 00503nam a2200109Ia 4500 | ||
|---|---|---|---|
| 008 | 171212s9999 xx 000 0 und d | ||
| 100 | _aNelson, Christopher;Chan, Edward W.;Chandra, Anita;Sorensen, Paul;Willis, Henry H. | ||
| 245 |
_cNelson, Christopher;Chan, Edward W.;Chandra, Anita;Sorensen, Paul;Willis, Henry H. _aRecommended Infrastructure Standards for Mass Antibiotic Dispensing |
||
| 260 |
_bRAND Corporation _c2008 |
||
| 650 | _aHealth Sciences | ||
| 856 | _uwww.jstor.org/stable/10.7249/tr553dhhs | ||
| 999 |
_c352474 _d352474 |
||